| 000 | 01097nam a2200229Ia 4500 | ||
|---|---|---|---|
| 001 | L200-52747 | ||
| 003 | IT-CnALBA | ||
| 008 | 170116s9999||||xx |||||||||||||| ||und|| | ||
| 040 |
_aIT-CnALBA _cIT-CnALBA |
||
| 041 | _aITALIANO | ||
| 100 | _aBASSI FABIO | ||
| 245 | 0 | _aLA VIA DELLO SPIRITO VERSO L'UNITÀ. IL PRINCIPIO CRISTICO NELLA DINAMICA DELL'ECUMENISMO. | |
| 250 | _a1a ed. | ||
| 260 |
_a NEGARINE _bIL SEGNO DEI GABRIELLI ED. _c1996 [1° Ed.:1996 - Ed.Ling.Originale: 1996] |
||
| 300 | _a64 p. | ||
| 500 | _aIL CRISTO. RIFLESSIONE SULL'AMORE SUSSISTENTE. L'UOMO DESTINATARIO DELLA BUONA NOVELLA DELL'AAMORE. TUTTI CONVOCATI AL MISTERO DELL'AMORE INFINITO. SOMMARIO BIBLIOGRAFICO. | ||
| 501 | _aSocietà San Paolo EM - Piazza San Paolo, 14 - 12051 ALBA (CN) (non commercial uses only) ® Copyright 2017 | ||
| 520 | _aIL CRISTO. RIFLESSIONE SULL'AMORE SUSSISTENTE. L'UOMO DESTINATARIO DELLA BUONA NOVELLA DELL'AAMORE. TUTTI CONVOCATI AL MISTERO DELL'AMORE INFINITO. SOMMARIO BIBLIOGRAFICO. | ||
| 650 | _aRELIGIONE - RELIGIONE CRISTIANA | ||
| 942 | _cBK | ||
| 957 | _71 | ||
| 999 |
_a69351 _bNO _g Copie: 1 _c311625 _d311625 |
||